000 03296cam a22012494i 4500
003 PE-LiUPU
005 20250813185651.0
008 150616s1994 sp r 000 0 spa d
020 _a847133609X
035 _a(Sirsi) i9788471336095
040 _aPE-LiUPU
_bspa
_cPE-LiUPU
_erda
049 _aPRUA
082 0 4 _a370.008
_bR47
_221
100 1 _aReyzábal, María Victoria,
_d1944-,
_eautor.
245 1 3 _aEl Aprendizaje Significativo de la Literatura /
_cMª Victoria Reyzábal, Pedro Tenorio.
264 1 _aMadrid :
_bEditorial. La Muralla,
_c1994.
300 _a325 páginas ;
_c24 centímetros.
336 _atext
_2rdacontent
337 _aunmediated
_2rdamedia
338 _avolume
_2rdacarrier
490 0 _aColección Aula Abierta
505 0 _aLa (Re)construcción de los saberes literarios.- Una propuesta de trabajo en el aula.- El lenguaje literario.- Literatura española. el siglo XX.- Las vanguardias.- Los últimos cincuenta años.- Comentarios de textos líricos.
526 _aP202
526 _aP201
526 _aP163
526 _aP162
526 _aP161
526 _aP160
526 _aP148
526 _aP147
526 _aP146
526 _aP145
526 _aP144
526 _aP143
526 _aP142
526 _aP141
526 _aP140
526 _aP139
526 _aP138
526 _aP137
526 _aP136
526 _aP135
526 _aP134
526 _aP133
526 _aP129
526 _aP128
526 _aP127
526 _aP120
526 _aP119
526 _aP118
526 _aP116
526 _aP115
526 _aP114
526 _aP110
526 _aP109
526 _aP108
526 _aP104
526 _aP103
526 _aP102
526 _aP99
526 _aP98
526 _aP97
526 _aP96
526 _aP95
526 _aP93
526 _aP90
526 _aP89
526 _aP88
526 _aP83
526 _aP82
526 _aP62
526 _aP59
526 _aP58
526 _aP57
526 _aP51
526 _aP49
526 _aP48
526 _aP47
526 _aP29
526 _aP24
526 _aP20
526 _aP19
526 _aP17
526 _aP15
526 _aP14
526 _aP12
526 _aP10
526 _aP09
526 _aP08
526 _aP07
526 _aP06
526 _aP05
526 _aP04
526 _aP01
650 1 4 _aLiteratura
_xEstudio y docencia (Superior)
_zEspaña.
650 2 4 _aCrítica
_xEstudio y docencia (Superior)
_zEspaña.
650 2 4 _aLiteratura española
_ySiglo XX
_xHistoria y crítica.
650 2 4 _aLiteratura española
_xCrítica textual.
700 1 _aTenorio Matanzo, Pedro,
_eautor.
910 _ajck
_bjvq
_cjck
942 _2ddc
_cBOOK
949 _a370.008 R47
_wDEWEY
_c1
_i43364
_d2016-6-26
_e2016-6-23
_lCCODEBUL1
_mBUL
_n2
_r0
_sY
_tBOOK
_u2015-6-16
_xEDUCACION
_PP20
_0COMPRA
_o.STAFF. Colección General
994 _aC0
_bPEPRU
596 _a1
999 _a370.008 R47
_wDEWEY
_c61334
_i43364
_d61334
_e2019-5-7
_f2021-11-9
_g5
_lCCODEBUL1
_mBUL
_n4
_p20.00
_q1
_r0
_sY
_tBOOK
_u2015-6-16
_xEDUCACION
_PP20
_0COMPRA
_o.STAFF. Colección General
980 _81
_gALBERTO SANCHEZ Responsable de Automatización